| 000 | 00633nam a2200193Ia 4500 | ||
|---|---|---|---|
| 003 | GCL | ||
| 008 | 140319s9999 xx 000 0 ara d | ||
| 040 |
_aGCL / _cGCL |
||
| 082 | 0 | 4 |
_aط _b004 _bأ م |
| 100 | 1 | _aانطوان بطرس | |
| 245 | 1 | 0 |
_aموسوعة الكمبيوتر الميسرة / _cانطوان بطرس |
| 250 | _aالاولى | ||
| 260 |
_aبيروت : _bمكتبة لبنان ، _c1991 |
||
| 300 |
_a116 ص ؛ _c30 سم |
||
| 650 | 0 | 4 | _aدوائر المعارف |
| 650 | 0 | 4 | _aالحاسبات الالكترونية |
| 650 | 0 | 4 | _aالحاسبات الالكترونية - موسوعات |
| 942 |
_2ddc _cBK |
||
| 999 |
_c32716 _d32716 |
||